| 000 | 00386nam a22001217a 4500 | ||
|---|---|---|---|
| 999 |
_c9339 _d9339 |
||
| 003 | OSt | ||
| 008 | 201203b ||||| |||| 00| 0 eng d | ||
| 245 | _aThe Indian Concrete Journal | ||
| 250 | _a2016(Jan Vol.90 No.1, Feb Vol.90 No.2, Apr Vol.90 No.4, May Vol.90 No.5, Jun Vol.90 No.6, Jul Vol.90 No.7) | ||
| 260 |
_aNew Delhi _bACC Limited |
||
| 650 | _aCivil Engineering | ||
| 942 |
_2ddc _cBV |
||